Girone a punteggio pieno - UEFA Champions League - Statistics

Statistiche generali
  • Questo quiz è stato fatto 99 volte
    43 dall'ultimo reset
  • Il punteggio medio è 8 su 9
Statistiche sulle risposte
Nazione Stagioni Squadra % Corretto
Italia 1992-1193 Milan
100%
Paesi Bassi 2021-2022 Ajax
97%
Germania 2019-2020; 2021-2022; 2022-2023 Bayern Monaco
97%
Spagna 2011-2012; 2014-2015; 2023-2024 Real Madrid
97%
Inghilterra 2023-2024 Manchester City
95%
Spagna 2003-2003 Barcellona
90%
Inghilterra 2021-2022 Liverpool
87%
Francia 1994-1995 Paris Saint-Germain
87%
Russia 1995-1996 Spartak Mosca
36%
Nessun quiz corrispondente trovato
Distribuzione punteggi
Percentuale di utenti per punteggio
Percentile per numero di risposta
I tuoi punteggi nel tempo
Non hai fatto questo quiz dall'ultimo reset